Quick Pick: Movies of 2017 Quiz Stats

 Plays Quiz Updated Jan 16, 2018

Challenge
Share
Tweet
Embed
Score 0/20 Timer 01:00
15 Plays Today
% Correct
Beast
90.4%
Me
90%
Woman
89.5%
Galaxy
88.8%
Apes
88.7%
League
87.2%
Jungle
87.1%
Tales
86.4%
Runner
86.2%
Orient
85.6%
% Correct
Jedi
84.5%
Wick
78.4%
Skull
78.2%
Batman
75%
Ragnarok
74.9%
Homecoming
72.8%
Tower
64.6%
Covenant
62.5%
Planets
60.8%
Furious
59.6%

Today's Daily Dose

You're not logged in!

Compare scores with friends on all Sporcle quizzes.
OR
Log In

You Might Also Like...

Show Comments

Extras

Top Quizzes Today


Score Distribution

Your Account Isn't Verified!

In order to create a playlist on Sporcle, you need to verify the email address you used during registration. Go to your Sporcle Settings to finish the process.

Report this User

Report this user for behavior that violates our Community Guidelines.

Details: